Huyền thoại Bình Sơn

Saved in:
Bibliographic Details
Main Author: Lương Hiệu Vui
Format: Book
Language:Undetermined
Published: H. CAND 1997
Subjects:
Tags: Add Tag
No Tags, Be the first to tag this record!
Institutions: Trung tâm Học liệu Trường Đại học Cần Thơ
LEADER 00476nam a2200181Ia 4500
001 CTU_53118
008 210402s9999 xx 000 0 und d
020 |b 11000 
082 |a 895.9223 
082 |b V510 
100 |a Lương Hiệu Vui 
245 0 |a Huyền thoại Bình Sơn 
245 0 |c Lương Hiệu Vui 
260 |a H. 
260 |b CAND 
260 |c 1997 
650 |a vietnamese literature 
980 |a Trung tâm Học liệu Trường Đại học Cần Thơ